000
00325 a2200133 4500
000
nam a22 7a 4500
100
_a
Naik, C. D.
110
_a
Naik, C. D.
245
_a
Yug dristha Dr. Ambedkar
250
_a
Latest edition
260
_b
Aayu Publications
_c
2021
264
_b
Aayu Publications
_c
2021
942
_c
BK
999
_c
394262
_d
394262